Contemporary literature: The basics (Record no. 1395456)

MARC details
000 -LEADER
fixed length control field 00615nam a2200229Ia 4500
005 - DATE AND TIME OF LATEST TRANSACTION
control field 20250508165509.0
008 - FIXED-LENGTH DATA ELEMENTS--GENERAL INFORMATION
fixed length control field 008 250505s9999 xx 000 0 eng d
020 ## - INTERNATIONAL STANDARD BOOK NUMBER
International Standard Book Number 978-0-415-66870-5
037 ## - SOURCE OF ACQUISITION
Stock number Textual
040 ## - CATALOGING SOURCE
Original cataloging agency FEDL
Language of cataloging eng
Transcribing agency FEDL
041 ## - LANGUAGE CODE
Language code of text/sound track or separate title eng
Source of code eng
084 ## - COLON CLASSIFICATION NUMBER
Classification number 809.05, GUP
Assigning agency FEDL
100 ## - MAIN ENTRY--PERSONAL NAME
Personal name Gupta Suman
245 #0 - TITLE STATEMENT
Title Contemporary literature: The basics
260 ## - PUBLICATION, DISTRIBUTION, ETC.
Place of publication, distribution, etc. London, UK
Name of publisher, distributor, etc. Routledge
Date of publication, distribution, etc. 2012
300 ## - PHYSICAL DESCRIPTION
Extent 184p.
365 ## - TRADE PRICE
Price type code INR
Price amount 6
490 ## - SERIES STATEMENT
Series statement The Basics
546 ## - LANGUAGE NOTE
Language note Special Indian reprint, 2015
942 ## - ADDED ENTRY ELEMENTS (KOHA)
Koha item type Textual
Classification part 809.05, GUP
Holdings
Withdrawn status Lost status Damaged status Not for loan Home library Current library Date acquired Cost, normal purchase price Total Checkouts Full call number Barcode Date last seen Price effective from Koha item type
        Department of Education Library Department of Education Library 2025-05-08 6.00   809.05, GUP EL0089094 2025-05-08 2025-05-08 Textual
Copyright @ Delhi University Library System